Les Porteurs de Titans dans L'Attaque des Titans - Statistiques

Statistiques générales
  • Ce quiz a été pris 270 fois
  • Le résultat moyen est 19 sur 21
Statistiques - réponses
Personnage Titan % Correct
Eren Jäger Titan Assaillant
98%
Sieg Jäger Titan Bestial
95%
Armin Arlert Titan Colossal
95%
Bertholdt Hoover Titan Colossal
95%
Annie Leonhart Titan Féminin
95%
Grisha Jäger Titan Assaillant
94%
Reiner Braun Titan Cuirassé
94%
Peak Finger Titan Charrette
92%
Ymir Fritz Titan Originel
92%
Eren Kruger Titan Assaillant
91%
Porco Galliard Titan Mâchoire
91%
Marcel Galliard Titan Mâchoire
91%
Titan Originel
91%
Ymir Titan Mâchoire
90%
Falco Gleis Titan Mâchoire
90%
Lara Teybur Titan Marteau d'Armes
90%
Titan Marteau d'Armes
89%
Titan Originel
89%
Professeur Xaver Titan Bestial
88%
Frida Reiss Titan Originel
88%
Karl Fritz Titan Originel
87%
Aucun quiz correspondant
Distribution des résultats
% des personnes avec chaque résultat
Percentile par nombre de réponses
Votre historique - résultats
Vous n’avez pas pris ce quiz